000 01157nam a2200313Ia 4500
001 ebr10080968
003 CaPaEBR
006 m u
007 cr cn|||||||||
008 040805s2005 enk sb 001 0 eng d
015 _aGBA466476
_2bnb
020 _z0803986912
020 _z0803986920
040 _aCaPaEBR
_cCaPaEBR
035 _a(OCoLC)61516231
050 1 4 _aQ175.5
_b.Y42 2005eb
082 0 4 _a306.45
_222
100 1 _aYearley, Steven.
245 1 0 _aMaking sense of science
_h[electronic resource] :
_bunderstanding the social study of science /
_cSteven Yearly.
260 _aLondon :
_bSAGE,
_c2005.
300 _axv, 205 p.
504 _aIncludes bibliographical references and index.
533 _aElectronic reproduction.
_bPalo Alto, Calif. :
_cebrary,
_d2009.
_nAvailable via World Wide Web.
_nAccess may be limited to ebrary affiliated libraries.
650 0 _aScience
_xSocial aspects.
650 0 _aSocial sciences.
655 7 _aElectronic books.
_2local
710 2 _aebrary, Inc.
856 4 0 _uhttp://site.ebrary.com/lib/rucke/Doc?id=10080968
_zAn electronic book accessible through the World Wide Web; click to view
999 _c55569
_d55569